000 00632nam a22002417a 4500
005 20251108172143.0
008 250721s1996 xx 000 0 ara d
082 1 4 _a633.1/علي
100 1 _aالدجوي، علي
245 1 0 _aمحاصيل البقول /
264 1 _aالقاهرة :
_bمكتبو مدبولي،
_c1996.
300 _a159ص
490 0 _aالمكتبة الزراعية
650 1 7 _aالزراعة
650 1 7 _aالبقول
650 1 7 _aالفول
650 1 7 _aالعدس
650 1 7 _aالترمس
650 1 7 _aالحلبة
650 1 7 _aالحمص
942 _2ddc
_cBK
999 _c71763
_d71763